00827 2200289 4500001002100000005001500021035002500036008004100061020002200102040001700124082001400141084001600155100002200171245005600193250001200249260003600261300004500297650004000342850001200382007000300394090002000397090002200417504003200439999002200471990002200493990002200515INLIS00000000001524120200616024710 a0010-101500000000975151024s2014 yoia g ind d a978-602-262-381-6 aYOPDYOGbind04222a005.3 a005.3 KET b0 aKetut Udy Ariawan00aBorland delphi dan aplikasinya /cKetut Udy Ariawan aCet. 1. aYogyakarta :bGraha Ilmu,c2014 axviii, 182 halaman :bilustrasi ;c26 cm 4aBorland Delphi (Bahasa pemrograman) aYOPDYOGta aDEP 005.3 KET b aCB-D.11 2014-1870 aBibliografi : halaman [183] aCB-D.11/2014-1870 aCB-D.11/2014-1870 aCB-D.11/2014-1870